Ján Bohdan Hroboň ...

Bibliographic Details
Main Author: Kovačka, Miloš, 1940-2019 (Author)
Format: Article
Language:Slovak
ISSN:1336-2526
Subjects:

MARC

LEADER 00000nab a2200000 a 4500
001 vtls008768863
003 SK-MaSNL
005 20260304174540.0
008 140617c2006 xo mr|p|||||||000 b|slo
015 |a SNBRB2006/06  |2 snkbucl 
038 |a SNKBUCL 
040 |a SNKBUCL  |b slo  |c SNKBUCL  |e AACR2 
041 0 |a slo 
044 |a xo  |c SK 
080 |a 2-051:284.1  |2 1997 
080 |a 284.1  |2 1997 
080 |a 929 Hroboň, Ján Bohdan  |2 1997 
100 1 |a Kovačka, Miloš,  |d 1940-2019  |4 aut  |9 5107 
245 1 0 |a Ján Bohdan Hroboň ...  |c Miloš Kovačka 
600 1 7 |a Hroboň, Ján Bohdan,  |d 1938-2006  |2 snkbucl  |9 258572 
650 0 7 |a spomienky  |2 snkbucl  |9 55795 
773 0 |t Tvorba  |g Roč. XVI. (XXV.), č. 1 (2006), s. 16  |x 1336-2526 
852 |a SNK  |b KIS3GCP 
958 |a BX 
999 |c 3009301  |d 3011231